Başından Sonuna Her Yönüyle Kurtuluş Savaşı (Record no. 11497)

MARC details
000 -BAŞLIK
Sabit Uzunlukta Kontrol Alanı 00922na a2200265 4500
001 - KONTROL NUMARASI
Denetim Alanı 21960
003 - KONTROL NUMARASI IDENTIFIER
Denetim Alanı MIRAKIL
005 - SON İŞLEM TARİHİ VE ZAMANI
Denetim Alanı 20181226092846.0
008 - SABİT-BOY VERİ ELEMANLARI - GENEL BİLGİLER
Sabit Uzunlukta Kontrol Alanı 170209b tu n0 0 0
035 ## - SİSTEM KONTROL NUMARASI
Sistem Kontrol Numarası 20919
040 ## - KATALOGLAMA KAYNAK
Orijinal Kataloglama Ajansı Milas
Kataloglama Dili tur
Metne Dönüştürmek Ajansı TR-AnCHP
041 ## - DİL KODU
Metin / Ses Parça Veya Ayrı Başlığın Dil Kodu eng
090 ## - SINIFLAMA NUMARASI
Sınıflama Numarası 050 DER 58
245 ## - BAŞLIK TABLOSU
Başlık Başından Sonuna Her Yönüyle Kurtuluş Savaşı
Sorumluluk Tablosu, Vb [yayınlayan] Cumhuriyet Vakfı
246 ## - UNVAN FORM VARYING
Başlık Doğru / Kısa Başlığı Her yönüyle kurtuluş savaşı
260 ## - YAYIN, DAĞITIM, VB
Yayın, Dağıtım, Vb Yeri İstanbul
Yayıncı, Dağıtıcı, Vs Adı Cumhuriyet
Yayın, Dağıtım, Vb Tarihi [2007]
300 ## - FİZİKSEL TANIM
Kapsam c.
Diğer Fiziksel Ayrıntıları rnk. res.
Boyutlar 30 sm.
500 ## - GENEL NOT
Genel Not Mevcut sayılar: (1) 2007; (3) 2007; (4) 2007; (5) 2007; (6) 2007; (8) 2007; (9) 2007; (10) 2007; (12) 2007; (13) 2007; (15) 2007; (16) 2007; (17) 2007
500 ## - GENEL NOT
Genel Not Cumhuriyet gazetesi ekidir
650 ## - KONU KATMA GİRİŞ - TOPİKAL DÖNEM
Topikal Süreli Veya Coğrafi Ad Giriş Elemanı Tarih
Genel Alt Bölümü Kurtuluş Savaşı
Kronolojik Alt Bölümü Süreli yayınlar
Coğrafi Alt Bölümü Türkiye
651 ## - KONU KATMA GİRİŞ - COĞRAFİ ADI
Coğrafi İsim Türkiye
Genel Alt Bölümü Tarih
Kronolojik Alt Bölümü Süreli yayınlar
910 ## - KULLANICI SEÇENEK, VERİLERİN (OCLC)
Kullanıcı Seçenek Veri DERGİ 58
942 ## - EKLENDİ GİRİŞ ELEMANLARI (KOHA)
Sınıflandırma Veya Raf Düzeni Kaynak Dewey Decimal Classification
Koha Öğesi Türü Serials
999 ## - SİSTEM KONTROL NUMARALARI (KOHA)
Koha Biblionumber 11497
Koha Biblioitemnumber 11497
655 ## - INDEX DÖNEM - TÜR / FORMU
-- Dergi
Holdings
Kullanım Kısıtlamaları Kalıcı Konum Mevcut Konum Edinme Tarihi Kodlu Konum Eleme Toplam Check-Out'Lar Tam Çağrı Numarası Barkod Tarih Son Görülme İtibaren Geçerli Fiyatlar Sigara Kamu Notu Koha Öğesi Türü
Kütüphane dışına çıkarılamaz CHP Kütüphanesi CHP Kütüphanesi 02/09/2017 SÜRELİ YAYINLAR   050 DER 75 D058 02/09/2017 02/09/2017 SHPden haberler ile aynı klasördedir. Serials